| 000 | 00595nam a22001937a 4500 | ||
|---|---|---|---|
| 999 |
_c4112 _d4069 |
||
| 008 | 200702b ||||| |||| 00| j eng d | ||
| 020 | _a9789750820939 | ||
| 041 | _atur | ||
| 050 | _aPL248.E6953 | ||
| 100 |
_91545 _aYılmaz, Şiir Erkök |
||
| 245 |
_aEşekarısı : Toplu Öyküler _cKitap Editörü : Fahri Güllüoğlu |
||
| 250 | _a1.Baskı | ||
| 260 |
_aİstanbul: _bYapı Kredi Yayınları, _cEkim 2011 |
||
| 300 | _a501 Sayfa | ||
| 500 | _aYapı Kredi Yayınları ; 3434 Edebiyat ; 997 | ||
| 650 | 0 |
_9145 _aTürk Edebiyatı |
|
| 700 |
_9714 _aGüllüoğlu, Fahri |
||
| 942 |
_2lcc _cBK |
||